Biện pháp quản lý hoạt động dạy học của khoa xây dựng trường Cao đẳng Kinh tế kỹ thuật Quảng Nam
Cơ sở lí luận của quản lí hoạt động dạy học ở trường đại học, cao đẳng. Thực trạng quản lí hoạt động dạy học của khoa xây dựng, trường Cao đẳng Kinh tế - Kỹ thuật Quảng Nam. Biện pháp quản lí hoạt động dạy học của khoa xây dựng, trường Cao đẳng Kinh tế - Kỹ thuật Quảng Nam....
Saved in:
| Main Author: | |
|---|---|
| Other Authors: | |
| Format: | Book |
| Language: | Vietnamese |
| Published: |
Đại học Đà Nẵng
ĐH Sư phạm
2012
|
| Subjects: | |
| Tags: |
Add Tag
No Tags, Be the first to tag this record!
|
| Institutions: | Mạng thư viện Đại học Đà Nẵng |
|---|
| LEADER | 01494nam a2200325 4500 | ||
|---|---|---|---|
| 001 | 000012668 | ||
| 003 | 8976 | ||
| 005 | 20120224100209.0 | ||
| 008 | 120224s2012 viesd | ||
| 041 | |a vie | ||
| 072 | |a Luận văn Thạc sĩ | ||
| 082 | |a 378.1068 |b NG-T | ||
| 100 | |a Nguyễn, Quyết Thắng | ||
| 245 | |a Biện pháp quản lý hoạt động dạy học của khoa xây dựng trường Cao đẳng Kinh tế kỹ thuật Quảng Nam |c Nguyễn Quyết Thắng | ||
| 260 | |a Đại học Đà Nẵng |b ĐH Sư phạm |c 2012 | ||
| 300 | |a 120 tr. |c 29 cm |e CD. Tóm tắt | ||
| 500 | |a Luận văn Thạc sĩ khoa học. Chuyên ngành: Quản lý giáo dục. Mã số: 60.14.05 | ||
| 520 | |a Cơ sở lí luận của quản lí hoạt động dạy học ở trường đại học, cao đẳng. Thực trạng quản lí hoạt động dạy học của khoa xây dựng, trường Cao đẳng Kinh tế - Kỹ thuật Quảng Nam. Biện pháp quản lí hoạt động dạy học của khoa xây dựng, trường Cao đẳng Kinh tế - Kỹ thuật Quảng Nam. | ||
| 653 | |a Quản lý hoạt động | ||
| 653 | |a Cao đẳng kinh tế kĩ thuật | ||
| 653 | |a Quảng Nam | ||
| 700 | |a Lê Quang Sơn |c T.S |e Hướng dân | ||
| OWN | |a LSP | ||
| 999 | |a From the UDN01 | ||
| TYP | |a Monograph | ||
| TYP | |a Printed language | ||
| 980 | |a Mạng thư viện Đại học Đà Nẵng | ||